All countries of the world - Map Quiz - Statistics

General Stats
  • This quiz has been taken 219 times
  • The average score is 39 of 197
Answers on the Map
Answers color-coded by a green-red scale on the quiz's map according to % correct below.
 
Answer Stats
Answer % Correct
Canada
55%
Usa
53%
Mexico
42%
Russia
39%
Afghanistan
36%
Brazil
36%
Argentina
34%
Australia
34%
China
34%
Ukraine
34%
Belarus
33%
Chile
31%
Kazakstan
31%
Algeria
30%
Japan
30%
Mongolia
30%
Uk
30%
India
29%
Turkey
29%
Albania
28%
Cuba
28%
Denmark
28%
Egypt
28%
Finland
28%
Germany
28%
Poland
28%
South korea
28%
Spain
28%
Estonia
27%
France
27%
Italy
27%
Madagascar
27%
North korea
27%
Norway
27%
Austria
26%
Bolivia
26%
Iceland
26%
Ireland
26%
Peru
26%
Portugal
26%
Sweden
26%
Azerbaijan
25%
Colombia
25%
Cyprus
25%
Latvia
25%
Netherlands
25%
Panama
25%
Bangladesh
24%
Belgium
24%
Czech Republic
24%
Greece
24%
Indonesia
24%
Iran
24%
Lithuania
24%
New zealand
24%
Sri lanka
24%
Venezuela
24%
Belize
23%
Bulgaria
23%
Cambodia
23%
Central African Republic
23%
Ecuador
23%
Israel
23%
Moldova
23%
Nepal
23%
Oman
23%
Pakistan
23%
Switzerland
23%
Uruguay
23%
Bahamas
22%
Chad
22%
Dominican Republic
22%
Philippines
22%
Vietnam
22%
Angola
21%
Armenia
21%
Bhutan
21%
Bosnia and Herzegovina
21%
Costa Rica
21%
Croatia
21%
Ethiopia
21%
Georgia
21%
Haiti
21%
Libya
21%
Malaysia
21%
Morocco
21%
Paraguay
21%
Saudi Arabia
21%
Somalia
21%
United arab emirates
21%
Uzbekistan
21%
Guatemala
20%
Iraq
20%
Kyrgyzstan
20%
Laos
20%
Luxembourg
20%
Niger
20%
Romania
20%
Slovakia
20%
South Africa
20%
Taiwan
20%
Tajikistan
20%
Thailand
20%
Tunisia
20%
Yemen
20%
El Salvador
19%
Eritrea
19%
Hungary
19%
Maldives
19%
Myanmar
19%
Nigeria
19%
North macedonia
19%
Serbia
19%
Slovenia
19%
South Sudan
19%
Sudan
19%
Syria
19%
DR Congo
18%
Honduras
18%
Jordan
18%
Kosovo
18%
Liberia
18%
Malta
18%
Montenegro
18%
Mozambique
18%
Nicaragua
18%
Papua new guinea
18%
Suriname
18%
Turkmenistan
18%
Botswana
17%
Burkina Faso
17%
Djibouti
17%
Equatorial Guinea
17%
Guyana
17%
Jamaica
17%
Kenya
17%
Kuwait
17%
Tanzania
17%
Zambia
17%
Andorra
16%
Cameroon
16%
Cape verde
16%
East timor
16%
Gabon
16%
Mali
16%
Mauritania
16%
Namibia
16%
Palestine
16%
Uganda
16%
Benin
15%
Ghana
15%
Ivory Coast
15%
Liechtenstein
15%
Qatar
15%
Rwanda
15%
Senegal
15%
Togo
15%
Zimbabwe
15%
Burundi
14%
Guinea
14%
Guinea Bissau
14%
Sao tome and principe
14%
Eswatini
13%
Lesotho
13%
Lebanon
12%
Micronesia
12%
Sierra leone
12%
Vatican city
12%
Bahrain
11%
Gambia
11%
Kiribati
11%
Malawi
11%
Brunei
10%
Monaco
10%
San marino
10%
Seychelles
10%
Marshall islands
9%
Mauritius
9%
Nauru
9%
Palau
9%
Singapore
9%
Solomon islands
9%
Trinidad and Tobago
9%
Vanuatu
9%
Fiji
8%
Tonga
8%
Samoa
7%
Tuvalu
7%
Saint Vincent and the Grenadines
6%
Antigua and Barbuda
5%
Grenada
5%
Saint Kitts and Nevis
5%
Comoros islands
4%
Dominica
4%
Saint Lucia
4%
Barbados
3%
Rep. Of Congo
3%
No matching quizzes found
Score Distribution
Percent of People with Each Score
Percentile by Number Answered
Your Score History
You have not taken this quiz